GC/MS in clinical chemistry /
Kaydedildi:
| Diğer Yazarlar: | |
|---|---|
| Materyal Türü: | Sách giấy |
| Dil: | English German |
| Baskı/Yayın Bilgisi: |
Weinheim, Federal Republic of Germany ; New York :
Wiley-VCH,
c1999
|
| Konular: | |
| Online Erişim: | Table of contents |
| Etiketler: |
Etiketle
Etiket eklenmemiş, İlk siz ekleyin!
|
| Thư viện lưu trữ: | Thư viện Trường Đại học Đà Lạt |
|---|
| LEADER | 01103nam a2200361 4500 | ||
|---|---|---|---|
| 001 | DLU030023558 | ||
| 005 | ##20020817204406.0 | ||
| 008 | ##990325s1999 gw a b 001 0 eng | ||
| 010 | # | # | |a 99189304 |
| 020 | # | # | |a 3527296239 |
| 035 | # | # | |a (DLC) 99189304 |
| 040 | # | # | |a DLC |c DLC |d DLC |
| 041 | # | # | |a eng |h ger |
| 050 | # | # | |a RB40.7 |b .G35 1999 |
| 082 | # | # | |a 616.075 6 |b Gcm |
| 245 | # | # | |a GC/MS in clinical chemistry / |c Petra Gerhards ... [et al.] ; translated by G. Leach |
| 260 | # | # | |a Weinheim, Federal Republic of Germany ; |a New York : |b Wiley-VCH, |c c1999 |
| 300 | # | # | |a xvi, 241 p. : |b ill. ; |c 25 cm |
| 504 | # | # | |a Includes bibliographical references and index |
| 650 | # | # | |a Clinical chemistry. |
| 650 | # | # | |a Gas chromatography |
| 650 | # | # | |a Mass spectrometry. |
| 700 | # | # | |a Gerhards, Petra. |
| 856 | # | # | |3 Table of contents |u http://www.loc.gov/catdir/toc/wiley022/99189304.html |
| 992 | # | # | |a 98.00 |
| 994 | # | # | |a DLU |
| 900 | # | # | |a True |
| 911 | # | # | |a Thái Thị Thanh Thủy |
| 925 | # | # | |a G |
| 926 | # | # | |a A |
| 927 | # | # | |a SH |
| 980 | # | # | |a Thư viện Trường Đại học Đà Lạt |


